[Event "GRE-ch Schools Gym-C"]
[Site "Athen"]
[Date "2022.06.13"]
[Round "8"]
[White "Agrafiotis, Ioannis Stylianos"]
[Black "Karageorgos, Alexios"]
[Result "1-0"]
[WhiteElo "1185"]
[BlackElo "1224"]
[PlyCount "86"]
[EventDate "2022.06.12"]
[EventType "swiss"]
[EventRounds "9"]
[EventCountry "GRE"]
[SourceTitle "EXT 2023"]
[Source "ChessBase"]
[SourceDate "2022.10.05"]
[SourceVersion "1"]
[SourceVersionDate "2022.10.05"]
[SourceQuality "1"]

1. e4 d5 2. exd5 Qxd5 3. Nf3 Qa5 4. Nc3 Nf6 5. d4 Bg4 6. Be2 e6 7. a3 c6 8. h3 Bh5 9. Bd2 Nbd7 10. 0-0 Be7 11. Re1 Qc7 12. Bg5 h6 13. Bxf6 gxf6 14. Nd2 Bxe2 15. Qxe2 0-0-0 16. b4 Rhg8 17. d5 Ne5 18. dxe6 fxe6 19. Nf3 Bd6 20. Ne4 Nxf3+ 21. Qxf3 Be5 22. Rad1 Rxd1 23. Rxd1 Qg7 24. Nd6+ Bxd6 25. Rxd6 Qe7 26. Rd3 Rg5 27. Qe3 h5 28. Qxa7 Rd5 29. Rxd5 exd5 30. Qe3 Qxe3 31. fxe3 Kd7 32. Kf2 Ke6 33. Kf3 Kf5 34. g3 Ke5 35. c3 Kf5 36. a4 Ke5 37. h4 Kf5 38. a5 Ke5 39. g4 hxg4+ 40. Kxg4 Ke4 41. h5 f5+ 42. Kg5 Kxe3 43. Kxf5 Kd3 1-0

[Event "GRE-ch Online Blitz op 1st"]
[Site "Tornelo INT"]
[Date "2021.02.07"]
[Round "5"]
[White "Agrafiotis, Ioannis Stylianos"]
[Black "Makris, Spyridon Dionysios"]
[Result "0-1"]
[WhiteElo "1231"]
[BlackElo "1717"]
[PlyCount "29"]
[EventDate "2021.02.07"]
[EventType "swiss (blitz)"]
[EventRounds "16"]
[EventCountry "GRE"]
[SourceTitle "EXT 2023"]
[Source "ChessBase"]
[SourceDate "2022.10.05"]
[SourceVersion "1"]
[SourceVersionDate "2022.10.05"]
[SourceQuality "1"]

1. e4 e5 2. Nf3 Nc6 3. Bc4 Nf6 4. d3 Be7 5. c3 0-0 6. Nbd2 d5 7. exd5 Nxd5 8. 0-0 Nb6 9. b4 a6 10. a4 Nxc4 11. Nxc4 f6 12. Bb2 Bf5 13. d4 exd4 14. Qxd4 Nxd4 15. Nxd4 0-1

[Event "GRE-ch Online Blitz op 1st"]
[Site "Tornelo INT"]
[Date "2021.02.07"]
[Round "11"]
[White "Agrafiotis, Ioannis Stylianos"]
[Black "Merkouropoulos, Dionysios"]
[Result "1-0"]
[WhiteElo "1231"]
[BlackElo "1081"]
[PlyCount "65"]
[EventDate "2021.02.07"]
[EventType "swiss (blitz)"]
[EventRounds "16"]
[EventCountry "GRE"]
[SourceTitle "EXT 2023"]
[Source "ChessBase"]
[SourceDate "2022.10.05"]
[SourceVersion "1"]
[SourceVersionDate "2022.10.05"]
[SourceQuality "1"]

1. e4 e5 2. Nf3 Nc6 3. Bc4 Bc5 4. c3 Nf6 5. d3 d6 6. h3 0-0 7. 0-0 Be6 8. Nbd2 a6 9. a4 Na5 10. Bxe6 fxe6 11. b4 Bxb4 12. cxb4 Nc6 13. Ba3 Nh5 14. Qb3 Nf4 15. Rac1 Ne2+ 16. Kh1 Nxc1 17. Rxc1 Qe7 18. b5 axb5 19. axb5 Na5 20. Qc3 c6 21. Bb4 b6 22. bxc6 Qc7 23. Nc4 Nxc4 24. Qxc4 Rae8 25. d4 exd4 26. Qxd4 e5 27. Qxd6 Qxd6 28. Bxd6 Rf6 29. Bxe5 Rf7 30. c7 Rc8 31. Nd4 Rxf2 32. Nb5 Ra2 33. Nd6 1-0